Los términos de gracia en el cumplimiento de las obligaciones

Na minha lista:
Detalhes bibliográficos
Autor principal: Reverte Navarro, Antonio (Autor)
Formato: Livro
Idioma:espanhol
Publicado em: Madrid De Derecho Reunidas 1975
coleção:Monografías
Assuntos:
Tags: Adicionar Tag
Sem tags, seja o primeiro a adicionar uma tag!

MARC

LEADER 00000nam a2200000 a 4500
001 UCS1398
003 CL-VaPUC
008 970509e19750000SP |||||||||||||||||spa|d
082 0 4 |a 346.02  |b REV  |2 21 
100 0 |a Reverte Navarro, Antonio  |e author  |9 385811 
245 1 4 |a Los términos de gracia en el cumplimiento de las obligaciones 
300 |a 136 p 
942 |c BK 
945 |d 19970509 00:00:00  |a paguirre 
260 |a Madrid  |b De Derecho Reunidas  |c 1975 
650 0 |a Derecho civil  |9 255013 
650 0 |a Obligaciones   |9 255578 
650 0 |a Contratos  |9 255153 
650 7 |a CUMPLIMIENTO  |2 CL-VaPUC  |9 385812 
650 7 |a RESPONSABILIDAD CIVIL  |2 CL-VaPUC  |9 385813 
583 |a last modification  |c 19970509 00:00:00  |k Rodrigo Vera 
490 0 |a Monografías 
999 |c 259491  |d 259489 
952 |0 0  |1 0  |4 0  |6 346_020000000000000_REV_1975  |7 0  |8 A  |9 284242  |a BIBDER  |b BIBDER  |d 2019-11-19  |i 1848151  |l 2  |o 346.02 REV 1975  |p 1848151  |r 2023-01-25  |s 2021-10-11  |w 2019-11-19  |y BK  |k DER